| 000 | 00518nam a22001697a 4500 | ||
|---|---|---|---|
| 005 | 20251108171911.0 | ||
| 008 | 250721s2003 xx 000 0 ara d | ||
| 082 | 1 | 4 | _a641.38/عمر |
| 100 | 1 | _aعمران، زياد علي | |
| 245 | 1 | 0 | _aالعسل و معجزات الإستشفاء به / |
| 264 | 1 |
_aعمان : _bدار عمار للنشر و التوزيع، _c2003. |
|
| 650 | 1 | 7 | _aالعسل |
| 650 | 1 | 7 | _aنحل العسل |
| 650 | 1 | 7 | _aالحشرات النافعة |
| 942 |
_2ddc _cBK |
||
| 999 |
_c65512 _d65512 |
||